(Record no. 182324)
[ view plain ]
| 000 -CABECERA | |
|---|---|
| campo de control de longitud fija | 01063nam a2200229Ia 4500 |
| 001 - NÚMERO DE CONTROL | |
| campo de control | IA_The owners of the company are working in the business and organizational strategies proposed. They are setting goals and changing de business gestion. Until now they have increased yields, gone down the costs and reduced the looses in process from 26% to 18%. |
| 008 - DATOS DE LONGITUD FIJA--INFORMACIÓN GENERAL | |
| campo de control de longitud fija | 220117s xx 000 0 und d |
| 010 ## - NÚMERO DE CONTROL DE LA BIBLIOTECA DEL CONGRESO | |
| Número de control de LC | 182324 |
| 530 ## - NOTA DE FORMATO FÍSICO ADICIONAL DISPONIBLE | |
| Nota de formato físico adicional disponible | Disponible en PDF |
| 650 ## - PUNTO DE ACCESO ADICIONAL DE MATERIA--TÉRMINO DE MATERIA | |
| Término de materia o nombre geográfico como elemento de entrada | Amaranth grain |
| 9 (RLIN) | 147461 |
| 650 ## - PUNTO DE ACCESO ADICIONAL DE MATERIA--TÉRMINO DE MATERIA | |
| Término de materia o nombre geográfico como elemento de entrada | Amaranth grain products |
| 9 (RLIN) | 148469 |
| 650 ## - PUNTO DE ACCESO ADICIONAL DE MATERIA--TÉRMINO DE MATERIA | |
| Término de materia o nombre geográfico como elemento de entrada | Food processing plants |
| 9 (RLIN) | 148748 |
| 650 ## - PUNTO DE ACCESO ADICIONAL DE MATERIA--TÉRMINO DE MATERIA | |
| Término de materia o nombre geográfico como elemento de entrada | Grano de amaranto |
| 9 (RLIN) | 147464 |
| 650 ## - PUNTO DE ACCESO ADICIONAL DE MATERIA--TÉRMINO DE MATERIA | |
| Término de materia o nombre geográfico como elemento de entrada | Plantas procesadoras de alimentos |
| 9 (RLIN) | 148749 |
| 650 ## - PUNTO DE ACCESO ADICIONAL DE MATERIA--TÉRMINO DE MATERIA | |
| Término de materia o nombre geográfico como elemento de entrada | Productos de grano de amaranto |
| 9 (RLIN) | 148472 |
| 700 ## - PUNTO DE ACCESO ADICIONAL--NOMBRE DE PERSONA | |
| Nombre de persona | Altamirano Cárdenas, J. Reyes, asesor |
| 9 (RLIN) | 163663 |
| 700 ## - PUNTO DE ACCESO ADICIONAL--NOMBRE DE PERSONA | |
| Nombre de persona | Covarrubias Gutiérrez, Ignacio, asesor |
| 9 (RLIN) | 163664 |
| 700 1# - PUNTO DE ACCESO ADICIONAL--NOMBRE DE PERSONA | |
| Nombre de persona | Santoyo Cortés, Vinicio Horacio |
| 9 (RLIN) | 147239 |
| 942 ## - ELEMENTOS DE PUNTO DE ACCESO ADICIONAL (KOHA) | |
| Tipo de ítem Koha | |
No items available.
